00426nam a2200133Ia 4500020001800000082001400018100002100032245004600053260004400099500005600143650003800199650003400237700002100271 a9780202361291 a155 RIE-D aRiegel, Klaus F. 0aDeveloping individual in a changing world aNew BrunswickbAldine Transactionc2008 acontents: vol .1 (Historical and cultural issues) aDeveloping psychologyvCongresses aSocial psychologyvCongresses aMeacham, John A.